| 000 | 00547nam a22001697a 4500 | ||
|---|---|---|---|
| 082 |
_a624.18341 _bEVE _cL-19, P-43 |
||
| 100 |
_aTanner, John L _943191 |
||
| 245 |
_aTheory and problems of reinforced concrete design _cJohn L. Tanner |
||
| 260 |
_aNew York _bMcGraw-Hill Book Company _c1966 |
||
| 300 | _a325 p. : | ||
| 526 |
_a0 _b0 _c0 _d624_183410000000000_EVE |
||
| 526 |
_a0 _b0 _c0 _d624_183410000000000_EVE |
||
| 526 |
_a0 _b0 _c0 _d624_183410000000000_EVE |
||
| 526 |
_a0 _b0 _c0 _d624_183410000000000_EVE |
||
| 650 |
_aMCE _9379 |
||
| 942 |
_2ddc _cBK |
||
| 999 |
_c546993 _d546993 |
||